天王寺駅から電車1本で行ける駅 - Statistics

General Stats
  • This quiz has been taken 232 times
  • The average score is 98 of 184
Answer Stats
Hint Answer % Correct
大阪
98%
大阪城公園
93%
今宮
93%
新今宮
93%
鶴橋
92%
福島
91%
森ノ宮
90%
京橋
90%
西九条
90%
大正
90%
天満
88%
新大阪
88%
桜ノ宮
87%
野田
86%
弁天町
86%
奈良
86%
和歌山
84%
桃谷
83%
芦原橋
83%
JR大阪環状線 寺田町
82%
JR大和路線 JR難波
82%
玉造
81%
王寺
78%
久宝寺
77%
八尾
77%
京都
75%
日根野
75%
梅田
74%
なんば
74%
加茂
72%
堺市
72%
淀屋橋
72%
心斎橋
72%
木津
71%
御坊
71%
70%
大阪メトロ御堂筋線 千里中央
69%
中百舌鳥
69%
東部市場前
68%
本町
68%
高槻
67%
柏原
67%
法隆寺
67%
新宮
67%
江坂
67%
動物園前
67%
紀伊
66%
中津
66%
郡山
65%
長居
65%
三国ヶ丘
65%
桜島
64%
白浜
64%
西中島南方
64%
あびこ
64%
ユニバーサルシティ
63%
平野
63%
平城山
63%
関西空港
63%
谷町四丁目
62%
加美
61%
大国町
61%
東梅田
61%
大津
60%
谷町六丁目
60%
安治川口
59%
東岸和田
59%
谷町九丁目
59%
八尾南
59%
草津
58%
和泉府中
58%
新金岡
58%
大阪メトロ谷町線 大日
58%
山科
57%
大和小泉
57%
JR阪和線 美章園
57%
熊取
56%
海南
56%
南草津
55%
野洲
55%
りんくうタウン
55%
宇治
53%
紀伊田辺
53%
串本
53%
東三国
53%
守山
52%
石山
51%
高井田
51%
三郷
51%
和泉砂川
51%
志紀
50%
杉本町
50%
緑地公園
50%
和泉鳥取
49%
紀伊勝浦
49%
桃山台
49%
南田辺
48%
四天王寺前夕陽ヶ丘
48%
喜連瓜破
48%
河内堅上
47%
高田
47%
城陽
47%
我孫子町
47%
紀伊中ノ島
47%
湯浅
47%
守口
47%
五条
46%
浅香
46%
六十谷
46%
天神橋筋六丁目
46%
阿倍野
46%
山中渓
45%
昭和町
45%
六地蔵
43%
北花田
43%
東福寺
42%
鶴ヶ丘
42%
東貝塚
42%
西田辺
42%
信太山
41%
南森町
41%
天満橋
41%
百舌鳥
40%
都島
40%
文の里
40%
紀三井寺
39%
箕島
39%
周参見
39%
上野芝
38%
北信太
38%
広川ビーチ
37%
田辺
37%
新家
36%
太子橋今市
36%
野江内代
36%
中崎町
36%
駒川中野
36%
長滝
35%
太地
34%
関目高殿
34%
JR五位堂
34%
香芝
33%
玉水
33%
山城多賀
33%
津久野
33%
東佐野
33%
藤並
33%
南部
31%
JR小倉
31%
山城青谷
30%
新田
30%
富木
30%
久米田
30%
和泉橋本
30%
御所
28%
下松
28%
古座
28%
畠田
27%
吉野口
27%
冷水浦
27%
千林大宮
27%
志都美
26%
出戸
26%
上狛
25%
黒江
25%
紀伊由良
25%
宮前
24%
大和新庄
23%
棚倉
21%
下津
18%
北宇智
17%
初島
17%
長池
16%
紀伊宮原
16%
加茂郷
15%
玉手
14%
掖上
14%
紀伊内原
14%
No matching quizzes found
Score Distribution
Percent of People with Each Score
Percentile by Number Answered
Your Score History
You have not taken this quiz